| 000 | 01474cam a2200361 i 4500 | ||
|---|---|---|---|
| 001 | 18502049 | ||
| 003 | NUST | ||
| 005 | 20221214173040.0 | ||
| 008 | 150221s2015 ii a 000 0 eng | ||
| 010 | _a 2014362602 | ||
| 020 | _a9788129135322 | ||
| 025 | _aI-E-2014362602 | ||
| 037 | _bLibrary of Congress -- New Delhi Overseas Office | ||
| 040 |
_aDLC _beng _cDLC _erda _dDLC |
||
| 042 | _alcode | ||
| 043 |
_aa-ii--- _an-us--- |
||
| 050 | 0 | 0 |
_aE184.E2 _bC433 2015 |
| 082 | _a320,CHA | ||
| 100 | 1 |
_aChatterjee, Swadesh, _d1947- _eauthor. _9104878 |
|
| 245 | 1 | 0 |
_aBuilding bridges : _bthe role of Indian Americans in Indo-U.S. relations / _cSwadesh Chatterjee. |
| 264 | 1 |
_aNew Delhi : _bRupa Publications India Pvt. Ltd., _c2015. |
|
| 300 |
_axiv, 226 pages : _bcolor illustrations ; _c24 cm |
||
| 336 |
_atext _btxt _2rdacontent |
||
| 337 |
_aunmediated _bn _2rdamedia |
||
| 338 |
_avolume _bnc _2rdacarrier |
||
| 505 | _aSuccess Against the odd in a new World (Page-1), Two Giant Democracies, Estranged Despite Common Values (Page-43), A Proud Child of Two Motherlands (Page-65), The Path to a Historic Agreement-and Beyond (Page-135). | ||
| 600 | 1 | 0 |
_aChatterjee, Swadesh, _d1947- _9104878 |
| 650 | 0 |
_aEast Indian Americans _zUnited States _vBiography. _9104879 |
|
| 650 | 0 |
_aImmigrants _zUnited States _vBiography. _9104880 |
|
| 651 | 0 |
_aUnited States _xForeign relations _zIndia. |
|
| 651 | 0 |
_aIndia _xForeign relations _zUnited States. |
|
| 942 |
_2ddc _cBK _k320,CHA |
||
| 999 |
_c592693 _d592693 |
||